Нисдэг анги (Бичлэгийн дугаар. 1077530)

MARC дэлгэрэнгүй
000 -Удирдлага
Ном зүйн бүртгэл тоо буюу кодлох утгыг агуулсан 00877nam a22002297a 4500
008 - ЕРӨНХИЙ МЭДЭЭЛЭЛ-ЭЛЕМЕНТҮҮДИЙН ӨГӨГДЛИЙН УРТ
fixed length control field 240702b mp ||||| |||| 00| 0 mon d
035 ## - СИСТЕМИЙН ХЯНАЛТЫН ДУГААР
Системийн хяналтын дугаар 25513
040 ## - ЭХ СУРВАЛЖИЙГ ТОДОРХОЙЛОН БИЧИХ
Анхны каталогийн байгууллага SU1322070
Каталогийн хэл Монгол
Бичлэг хийж нэвтрүүлэх байгууллага MN-UlNLM
Өөрчлүүлэх байгууллага MN-UlNLM
Бичиглэлийн тодорхойлолт rda
041 ## - ХЭЛНИЙ КОД
Текстийн хэлний код/фонограм буюу салангид гарчиг Монгол
042 ## - AUTHENTICATION CODE
Authentication code 63523
084 ## - БУСАД АНГИЛЛЫН ДУГААР
Ангиллын нэр Номын сан номзүйн ангилал
Анги 83.8
Зохиогчийн 3-н тэмдэгт K-22
100 ## - ЗОХИОГЧИЙН ХЭСЭГ
Зохиогчийн нэр Кэстнер Э.
245 #0 - ҮНДСЭН ГАРЧИГ
Гарчиг Нисдэг анги
264 ## - ГАРАЛТЫН МЭДЭЭ
Хэвлэгдсэн газар Улаанбаатар
Бүтээгч, хэвлэгч, түгээгч, үйлдвэрлэгчийн нэр Адмон Принт ХХК
Хэвлэгдсэн он 2022
300 ## - ТООНЫ МЭДЭЭ
Хуудасны тоо 213х.
336 ## - АГУУЛГЫН ТӨРӨЛ
Нөөц rdacontent
Агуулгын төрлийн нөхцөл text
Агуулгын төрлийн код txt
337 ## - MEDIA TYPE
Эх сурвалж rdamedia
Файлын төрөл unmediated
Файлын код n
338 ## - CARRIER TYPE
Source rdacarrier
Carrier type term volume
Carrier type code nc
650 ## - Сэдэв
Сэдэв "Нисдэг анги" зохиолыг Германы алдарт хүүхдийн зохиолч Эрих Кестер 1933 онд бичжээ. Зохиолд сургуулийнхаа дотуур байранд амьдард...
942 ## - ЭЛЕМЕНТИЙН ТӨРӨЛ
Анги Номын сан номзүйн ангилал
Төрөл Ном
Захиалгууд
Буцаан татагдсан төлөв Хасагдсан шалтгаан Гэмтсэн төлөв Данс заагч Захиалах боломжгүй Үндсэн номын сан Одоогийн байршил Салбар танхим Салбар танхим Бүртгэсэн огноо Тавиурын заалт Баркод Үнэ Хамгийн сүүлд байсан огноо Нийт уншлаганд гарсан тоо Дансны дугаар Төрөл
          Сүхбаатар аймаг Сүхбаатар аймаг Сүхбаатар | Хүүхдийн уншлагын танхим Сүхбаатар | Хүүхдийн уншлагын танхим 2024-07-05 83.8 K-22 SU13225513-4-1 19900.00 2024-07-05   49901 Ном